Countries With the Most Turkish Speakers - Statistics

General Stats
  • This quiz has been taken 5,169 times
  • The average score is 6 of 10
Answer Stats
# Speakers % Country % Correct
74.0 mil 93 Turkey
99%
1.50 mil 1.8 Germany
86%
116 k 0.03 United States
85%
221 k 0.03 France
73%
300 k 35 Cyprus
71%
600 k 8.4 Bulgaria
67%
250 k 1.4 Netherlands
49%
200 k 2.2 Austria
46%
113 k 0.09 Belgium
44%
130 k 0.04 Uzbekistan
14%
No matching quizzes found
Score Distribution
Percent of People with Each Score
Percentile by Number Answered
Your Score History
You have not taken this quiz